| 000 | 00377nam a2200145Ia 4500 | ||
|---|---|---|---|
| 008 | 240624s9999 xx 000 0 und d | ||
| 041 | _aeng | ||
| 082 | _a658.3140723 WIL | ||
| 100 | _aWILEY JACK W | ||
| 245 | _aSTRATEGIC EMPLOYEE SURVEYS EVIDENCE BASE | ||
| 250 | _a11 | ||
| 260 |
_c2010 _aSan Francisco _bJossey-Bass |
||
| 300 | _axv, : 154 : p. : cm. ; 23 | ||
| 365 |
_c _b27 |
||
| 999 |
_c17653 _d17653 |
||